The 6th target /

When an unthinkable tragedy leaves one of the members of the Women's Murder Club in critical condition, the others must fight to keep a deranged man locked away. Meanwhile, a series of ransomless child kidnappings rocks the city and confounds law enforcement.

Bibliographic Details
Main Author: Patterson, James, 1947-
Corporate Author: Hatchette Audio
Other Authors: Paetro, Maxine, McCormick, Carolyn
Format: CD Audio Book
Language:English
Published: New York : Hatchette Audio, [2007]
Subjects:

MARC

Tag First Indicator Second Indicator Subfields
LEADER 00000cim a2200000Ia 4500
001 in00002244821
005 20151104201132.0
007 sd fungnn|||ed
008 070425s2007 nyunnnn f n eng d
020 |a 159483895X 
020 |a 9781594838958 
024 3 0 |a 9781594838958  |d 53998 
028 0 1 |a 2-62894  |b Hatchette Audio 
035 |a (OCoLC)ocn123501902 
035 |a (OCoLC)123501902 
040 |a DV1  |c DV1  |d GK8  |d TXA  |d UtOrBLW 
043 |a n-us-ca 
049 |a TXAM 
090 |a PS3566.A822  |b A6156 2007b 
100 1 |a Patterson, James,  |d 1947- 
245 1 4 |a The 6th target /  |c by James Patterson and Maxine Paetro. 
246 3 |a Sixth target 
264 1 |a New York :  |b Hatchette Audio,  |c [2007] 
264 4 |c ℗2007 
300 |a 7 sound discs (approximately 8 hr.) :  |b digital ;  |c 4 3/4 in. 
336 |a spoken word  |b spw  |2 rdacontent 
337 |a audio  |b s  |2 rdamedia 
338 |a audio disc  |b sd  |2 rdacarrier 
500 |a Title from container. 
511 0 |a Narrated by Carolyn McCormick. 
500 |a "Unabridged "--Container. 
500 |a Compact discs. 
520 |a When an unthinkable tragedy leaves one of the members of the Women's Murder Club in critical condition, the others must fight to keep a deranged man locked away. Meanwhile, a series of ransomless child kidnappings rocks the city and confounds law enforcement. 
500 |a Sound recording. 
650 0 |a Women detectives  |z California  |z San Francisco  |v Fiction. 
650 0 |a Women in the professions  |v Fiction. 
650 0 |a Female friendship  |v Fiction. 
650 0 |a Murderers  |v Fiction. 
650 0 |a Mentally ill offenders  |v Fiction. 
650 0 |a Kidnapping  |v Fiction. 
651 0 |a San Francisco (Calif.)  |v Fiction. 
655 7 |a Mystery fiction.  |2 gsafd 
655 7 |a Suspense fiction.  |2 gsafd 
655 7 |a Audiobooks.  |2 lcgft 
700 1 |a Paetro, Maxine. 
700 1 |a McCormick, Carolyn. 
710 2 |a Hatchette Audio. 
948 |a cataloged  |b h  |c 2007/5/11  |d c  |e ceaton  |f 10:27:27 am 
994 |a C0  |b TXA 
999 |a MARS 
999 f f |s 47f1a3b0-5b0e-37b5-86c7-9902ab9aa630  |i 2023bb97-dcd8-343a-a7a2-3af380248e5a  |t 0 
952 f f |p normal  |a Texas A&M University  |b College Station  |c Sterling C. Evans Library  |d Evans: Library Stacks  |t 0  |e PS3566.A822 A6156 2007b  |h Library of Congress classification  |i audio -- audio disc  |m A14836017278 
998 f f |a PS3566.A822 A6156 2007b  |t 0  |l Evans: Library Stacks